A pozitív számok középértékei
Elmentve itt :
| Szerző: | |
|---|---|
| Dokumentumtípus: | Cikk |
| Megjelent: |
1992
|
| Sorozat: | Iskolakultúra
2 No. 10 |
| Kulcsszavak: | Matematika |
| Online Access: | http://misc.bibl.u-szeged.hu/43263 |
| LEADER | 00578nab a2200181 i 4500 | ||
|---|---|---|---|
| 001 | misc43263 | ||
| 005 | 20191106141307.0 | ||
| 008 | 180822s1992 hu o 0|| zxx d | ||
| 022 | |a 1215-5233 | ||
| 040 | |a SZTE Miscellanea Repozitórium |b hun | ||
| 041 | |a zxx | ||
| 100 | 1 | |a Fitos László | |
| 245 | 1 | 2 | |a A pozitív számok középértékei |h [elektronikus dokumentum] / |c Fitos László |
| 260 | |c 1992 | ||
| 300 | |a 57-61 | ||
| 490 | 0 | |a Iskolakultúra |v 2 No. 10 | |
| 695 | |a Matematika | ||
| 856 | 4 | 0 | |u http://misc.bibl.u-szeged.hu/43263/1/iskolakultura_1992_010_057-061.pdf |z Dokumentum-elérés |